Včielka Maja počítaj a priraď : zábavné učenie pre deti od 3 rokov : podľa knihy Waldemara Bonselsa"Maya the Bee"

Bibliographic Details
Other Authors: Stelzig, Ivona (Translator), Bonsels, Waldemar, 1880-1952
Format: Photo
Language:Slovak
German
PhysicalDescription:32 s. ilustr. 29 cm
Published: [Bratislava] Slovart Print 2006
ISBN:8089242146 (brož.)
Edition:[1. vyd.]
Subjects:

MARC

LEADER 00000nkm a2200000 a 4500
001 vtls008934158
003 SK-MaSNL
005 20260301124656.0
007 kf co
008 200701s2006 xo a a 000 0 slo
015 |a SNBG2007/01-00389 
020 |a 8089242146 (brož.) 
040 |a SNK  |b slo  |c SNK  |e AACR2 
041 1 |a slo  |h ger 
044 |a xo  |c SK 
072 7 |a 821-93  |x Literatúra pre deti a mládež  |2 konspekt 
072 7 |a 373.2/.3  |x Predškolská a primárna výchova a vzdelávanie  |2 konspekt 
080 |a 37.016:511-028.31  |2 2001 
080 |a (076.1)  |2 2001 
080 |a (0.053.2)  |2 2001 
080 |a 373.2  |2 2001 
245 0 0 |a Včielka Maja  |h grafika  |b počítaj a priraď : zábavné učenie pre deti od 3 rokov : podľa knihy Waldemara Bonselsa"Maya the Bee"  |c [preklad: Ivona Stelzig] 
250 |a [1. vyd.] 
260 |a [Bratislava]  |b Slovart Print  |c 2006 
300 |a 32 s.  |b ilustr.  |c 29 cm 
521 |a Pre deti od 3 rokov 
650 0 7 |a predškolská výchova  |2 SNKPH  |9 3959 
650 0 7 |a počítanie  |2 SNKPH  |9 4104 
655 7 |a pracovné zošity  |2 SNKPH  |9 70188 
655 7 |a publikácie pre deti  |2 SNKPH  |9 70148 
700 1 |a Stelzig, Ivona  |4 trl  |9 314054 
700 1 2 |a Bonsels, Waldemar,  |d 1880-1952  |t Maya the Bee  |9 314055 
919 |a 80-89242-14-6 
958 |a GBN 
999 |c 740120  |d 742050 
952 |a SNK  |b SNK  |y PREZ  |7 0  |p 17A0535721  |o snkOSB 14738  |i snk2007/665  |8 0  |0 0  |1 0  |4 0  |d 2007-01-10  |l 0  |r 2026-02-23 22:56:47  |w 2026-02-23 
952 |a SNK  |b SNK  |y VYP  |7 0  |p 17A0535722  |o snkOSB 14738 D1  |i snk2007/666  |8 0  |0 0  |1 0  |4 0  |d 2007-01-10  |l 0  |r 2026-02-23 22:56:47  |w 2026-02-23